Manual de sugerencias para orientar en las escuelas las actividades correspondientes a metodologías generales de logro
Shranjeno v:
| Glavni avtor: | |
|---|---|
| Format: | Knjiga |
| Jezik: | španščina |
| Izdano: |
San José
Ministerio de Educación Pública
1983
|
| Serija: | Centro Multinacional de Investigación Educativa, CEMIE-OEA
Proyecto Investigación Evaluativa de Logros. Publicación, 95 |
| Teme: | |
| Oznake: |
Označite
Brez oznak, prvi označite!
|
MARC
| LEADER | 00000nam a2200000 a 4500 | ||
|---|---|---|---|
| 001 | UCY5811 | ||
| 003 | CL-VaPUC | ||
| 008 | 950512e19830600CR |||||||||||||||||spa|d | ||
| 082 | 0 | 4 | |a 371.27 |b LAF |2 21 |
| 100 | |a Lafourcade, Pedro D |e author |9 499104 | ||
| 245 | 1 | 0 | |a Manual de sugerencias para orientar en las escuelas las actividades correspondientes a metodologías generales de logro |
| 300 | |a 38 p | ||
| 942 | |c BK | ||
| 945 | |d 19950512 00:00:00 |a cmena | ||
| 260 | |a San José |b Ministerio de Educación Pública |c 1983 | ||
| 650 | 0 | |a Educación básica |9 224933 | |
| 650 | 0 | |a Evaluación |9 271902 | |
| 650 | 0 | |a Investigación |9 257811 | |
| 650 | 0 | |a Proyectos de desarrollo |9 261582 | |
| 650 | 7 | |a PROYECTOS EDUCACIONALES |2 CL-VaPUC |9 335065 | |
| 650 | 0 | |a Niños |9 255605 | |
| 650 | 0 | |a Motivación |9 315362 | |
| 650 | 0 | |a Planificación de la educación |9 307333 | |
| 650 | 7 | |a LOGROS |2 CL-VaPUC |9 335066 | |
| 650 | 7 | |a RENDIMIENTO |2 CL-VaPUC |9 260872 | |
| 650 | 7 | |a MOTIVACION DE RENDIMIENTO |2 CL-VaPUC |9 335067 | |
| 583 | |a last modification |c 19950512 00:00:00 |k Rodrigo Vera | ||
| 490 | 0 | |a Centro Multinacional de Investigación Educativa, CEMIE-OEA | |
| 490 | 0 | |a Proyecto Investigación Evaluativa de Logros. Publicación, 95 | |
| 999 | |c 233420 |d 233418 | ||
| 952 | |0 0 |1 0 |4 0 |6 371_270000000000000_LAF_1983 |7 0 |8 P |9 238956 |a BIBEDU |b BIBEDU |c BIBEDU_PB |d 2019-11-18 |i 150410K |o 371.27 LAF 1983 |p 150410K |r 2024-01-25 |w 2019-11-18 |y BK |k EDU | ||